| 000 | 01017cab a22002055a 4500 | ||
|---|---|---|---|
| 001 | L137467 | ||
| 008 | 070410s2007 xxk f 000 0 eng d | ||
| 035 | _a(Sirsi) u137467 | ||
| 041 | 0 | _aeng | |
| 100 | 1 | _aMathuradas, Shilpa | |
| 245 | 0 | 0 |
_aHouses in multiple occupation _bthe new rules |
| 260 | _c2007 | ||
| 490 |
_aNews on the Block _v(32) March 2007, 14(1) |
||
| 520 | _aStates that, although the Housing Act 2004 brought in a new regime for Houses in Multiple Occupation on 6 April 2006, the situation is unsatisfactory as local authorities are still not in a position to supply landlords with the relevant application forms. This has had the effect of leaving landlords unlicensed through no fault of their own. Discusses the costs that landlords will incur in complying with this legislation and the penalties they face if they ignore it. | ||
| 590 | _aKA | ||
| 650 | 2 | 4 | _aHOUSING ACT 2004 |
| 651 | 4 |
_aUnited Kingdom _y |
|
| 690 | _aPROPERTY-LANDLORD AND TENANT-LANDLORD AND TENANT REFORM | ||
| 942 | _n0 | ||
| 999 |
_c78616 _d78616 |
||